African regional security in the age of globalisation / (Record no. 702)
[ view plain ]
| 000 -LEADER | |
|---|---|
| fixed length control field | 00735nam a22002292 4500 |
| 001 - CONTROL NUMBER | |
| control field | 0000007212 |
| 005 - DATE AND TIME OF LATEST TRANSACTION | |
| control field | 20151021151112.0 |
| 008 - FIXED-LENGTH DATA ELEMENTS--GENERAL INFORMATION | |
| fixed length control field | 071130s xx 000 0 eng d |
| 020 ## - INTERNATIONAL STANDARD BOOK NUMBER | |
| International Standard Book Number | 9966977252 : |
| Terms of availability | KES |
| 040 ## - CATALOGING SOURCE | |
| Original cataloging agency | KABU |
| Transcribing agency | KABU |
| 245 10 - TITLE STATEMENT | |
| Title | African regional security in the age of globalisation / |
| Statement of responsibility, etc. | ed. by Makumi Mwagiru. |
| 260 ## - PUBLICATION, DISTRIBUTION, ETC. (IMPRINT) | |
| Place of publication, distribution, etc. | Nairobi : |
| Name of publisher, distributor, etc. | Heinrich Boll Foundation, |
| Date of publication, distribution, etc. | 2004. |
| 300 ## - PHYSICAL DESCRIPTION | |
| Extent | xvi, 160 p. |
| 591 ## - | |
| -- | Donation |
| 650 #0 - SUBJECT ADDED ENTRY--TOPICAL TERM | |
| Topical term or geographic name as entry element | Globalization. |
| -- | 0000150264 |
| 650 #0 - SUBJECT ADDED ENTRY--TOPICAL TERM | |
| Topical term or geographic name as entry element | African cooperation. |
| -- | 0000158346 |
| 650 #0 - SUBJECT ADDED ENTRY--TOPICAL TERM | |
| Topical term or geographic name as entry element | National security |
| Geographic subdivision | Africa, East. |
| -- | 0000158347 |
| 700 1# - ADDED ENTRY--PERSONAL NAME | |
| Personal name | Mwagiru, Makumi. |
| -- | 0000158348 |
| 908 ## - PUT COMMAND PARAMETER (RLIN) | |
| Put command parameter | 071130 |
| 950 ## - LOCAL HOLDINGS (RLIN) | |
| -- | 1 |
| Withdrawn status | Lost status | Source of classification or shelving scheme | Not for loan | Home library | Current library | Date acquired | Total Checkouts | Full call number | Barcode | Date last seen | Price effective from | Koha item type | Date last checked out |
|---|---|---|---|---|---|---|---|---|---|---|---|---|---|
| Library of Congress Classification | Kabarak, Main Campus | Kabarak, Main Campus | 17/12/2015 | JZ5588 .A37 | 011391 | 17/12/2015 | 17/12/2015 | General Collection | |||||
| Library of Congress Classification | Kabarak, Main Campus | Kabarak, Main Campus | 17/12/2015 | 1 | JZ5588 .A37 | 011390 | 03/10/2017 | 17/12/2015 | Africana Collection | 21/09/2017 | |||
| Library of Congress Classification | Kabarak, Nakuru City Campus | Kabarak, Nakuru City Campus | 21/10/2015 | JZ5588 .A37 | 011431 | 21/10/2015 | 21/10/2015 | General Collection |